LEADER 01329nam a2200301 i 4500 001 000000150531 003 CaOOAMICUS 005 20060525000000.0 008 060525s2006 it u000 u ita u 013 $a127869 020 $a88-399-0433-6 040 $aSeMil$bita 100 1 $aO'Collins, Gerald,$c.$0(OLS)http://semarc/name/90325 240 10$aCatholicism : the story of Catholic christianity.$0(OLS)http://semarc/title/220095 245 10$aCattolicesimo :$bstoria e dottrina /$cGerald O'Collins, Mario Farrugia. 260 $aBrescia :$bQueriniana,$c2006. 300 $a430 p. ;$c23 cm. 490 0 $aBiblioteca di teologia contemporanea ;$v133 500 $aContiene : Bibliografia selezionata. 650 4$aCattolicesimo - Storia.$0(OLS)http://semarc/subject/3376 700 1 $aFarrugia, Mario .$0(OLS)http://semarc/name/46103 830 0$aBiblioteca di teologia contemporanea ;$v133.$0(OLS)http://semarc/title/14 850 $aSeMil 852 $aSeMil$W1$xVenegono$y1$m2BA M 133$j102656$B102656$CSeMilBibl$Z2$F111525 $81 961 $aSottoscrizione: Queriniana 996 $6020$a88-399-0433-6$9(OLS)http://semarc/number/139982 996 $6245$aCattolicesimo :$bstoria e dottrina$9(OLS)http://semarc/title/220094 996 $6260$aBrescia :$bQueriniana$9(OLS)http://semarc/publisher/29615 LEADER 04396nam a2200253 i 4500 001 000000004310 003 CaOOAMICUS 005 20180830125436.0 008 180830n it u000 u ita u 040 $aSeMil$bita 245 10$a[Opuscoli diversi]. 300 $a1 v. ;$c23 cm. 500 $aTitolo assegnato sul dorso della legatura. - Raccoglie volumi del 17. e 18. sec. sulla storia religiosa di Milano rilegati insieme. 774 0 $aMonti, Cesare $tApparati, e solennitą dell'ingresso in Milano dell'emin.mo e rever.mo sig.re cardinale, arcivescovo Cesare Monti alli 29. d'aprile dell'anno 1635.$dIn Milano : Per Filippo Ghisolfi, [1635]$w()184802 774 0 $aArgenti, Bartolomeo$tLode dell'emin.mo et rev.mo sig.r Cesare Monti cardinale di S. Maria Transpontina, et arcivescovo di Milano. Composta, e detta nel duomo in occasione del suo funerale, e sopra il suo corpo dal molto rev. sig. Bartholomeo argenti .. il 22. agosto 1650.$dIn Milano : Apprsso Lodovico Monza stampatore alla Piazza de' Mercanti, 1650.$w()252567 774 0 $aPionni, Luigi$tEntrata solenne in Milano dell'ill.mo, e rev.mo monsignore conte Alfonso Litta arcivescovo, seguita a 17. novembre 1652. Con gli apparati di essa. Riferta da Luigi Pionni cancelliere dell'illustriss. Tribunale di provisione della stessa cittą.$dIn Milano : Nella R.D. Corte, per Gio. Battista, e Giulio Cesare fratelli Malatesta stampatori R.C., e della cittą, 1652.$w()252568 774 0 $aPionni, Luigi$tMilano consolato nell'elettione a questo arcivescovado, e promotione alla sagra porpora dell'eminentissimo Federico Visconti colla sua solennissima entrata seguita a' 11. genaro 1682. e fontioni antecedenti. Racconto di Luigi Pionni ..$dIn Milano : Nella Regia Ducal Corte, Per Marc'Antonio Pandolfo Malatesta stampator Reg. Cam. & della Cittą, 1682.$w()252569 774 0 $aVisconti, Federico $tRelazione dell'apparato fatto dagl'illustrissimi abati e collegio de' signori conti e cavalieri giuriconsulti, per la promozione e ricevimento dell'eminentissimo sig. cardinale Federico Visconti arcivescovo di Milano loro collega.$dIn Milano : Nella Regia Ducal Corte, Per Marc'Antonio Pandolfo Malatesta stampator Reg. Cam. & della Cittą, 1682.$w()252570 774 0 $aCollegio dei giudici, conti e cavalieri $tDimostrationi d'allegrezza fatte dagl'illustrissimi abati e Collegio de' signori conti, e cavalieri giurisconsulti, con l'occasione dell'ingresso nello stesso Collegio dell'eminentissimo signor cardinale Luigi Omodei.$dIn Milano : Per Carlo Giuseppe Quinto stampatore, e libraro in Piazza de' Mercanti, 1692.$w()252572 774 0 $aArchinto, Giuseppe $tApplausi degl'illustrissimi signori abbati e collegio de signori conti, e cavalieri giurisconsulti per l'esaltazione all'arcivescovato, e alla sagra porpora e per il ricevimento dell'eminentissimo sig. cardinale Giuseppe Archinto loro collega.$dIn Milano : Per Carlo Federico Gagliardi Stampatore dell' Illustrissimo Collegio de' Signori Legisti, 1701.$w()252573 774 0 $aCollegio dei giudici, conti e cavalieri $tNobiltą borromea esposta in sontuoso apparato dagl'illustrissimi signori abati, e dottori dell'insigne collegio ... della cittą di Milano nella solenne aggregazione dell'em.mo, e rev.mo sig. cardinale Giberto Borromeo ..$dIn Milano : Per Pietro Francesco Nava stampatore del detto Insigne Collegio, 1718.$w()252575 774 0 $aCollegio dei giudici, conti e cavalieri $tApparato letterario fatto per ordine degl'illustrissimi signori abbati, e dottori dell'illustrissimo Collegio de' signori giudici, conti, e cavalieri della cittą di Milano in occasione della promozione alla sacra porpora dell' .. Marcellino Corio ..$dIn Milano : Per Pietro Antonio Frigerio, Allievo del Gagliardi, e Nava, stampatore del detto Illustrissimo Collegio, 1740.$w()252577 774 0 $aCollegio dei giudici, conti e cavalieri $tSolenni congratulazioni degl'illustrissimi signori abbati, e collegio de' signori giuriconsulti, ... per l'esaltazione al trono arcivescovile di Milano, ed alla sagra porpora, e per il ricevimento dell'am.mo sig.r cardinale Carlo Gaetano Stampa ..$dIn Milano : Per Pietro Antonio Frigerio, Allievo del Gagliardi, e Nava, stampatore del detto Illustrissimo Collegio, 1740.$w()252578 996 $6245$a[Opuscoli diversi]$9(OLS)http://semarc/title/400428